Con el "agua" al cuello (Registro nro. 18041)

Detalles MARC
000 -LEADER
fixed length control field 00341 a2200121 4500
001 - CONTROL NUMBER
control field ART_12796
005 - DATE AND TIME OF LATEST TRANSACTION
control field 20260410161733.0
008 - FIXED-LENGTH DATA ELEMENTS--GENERAL INFORMATION
fixed length control field 260409a
100 1# - MAIN ENTRY--PERSONAL NAME
Personal name Expósito, David
245 10 - TITLE STATEMENT
Title Con el "agua" al cuello
700 1# - ADDED ENTRY--PERSONAL NAME
Personal name Artana, Daniel
773 0# - HOST ITEM ENTRY
Title Ejecutivos de finanzas
Related parts - Año 6, Nº 48 (ago. 1988)
Record control number REV2863

No hay ítems disponibles.